000 00578nam a2200193Ia 4500
005 20250326144747.0
008 250326s9999 xx 000 0 und d
020 _a81-7646-554-2
037 _aTextbook
040 _aFMSL
_beng
_cFMSL
041 _aeng
_2eng
084 _aX61 P7.1
_qFMSL
100 _aSinger H
_9738272
245 0 _aPolitical economy of international monetary interdependence
_cSinger H; Hatti N And Others
260 _aNew Delhi
_bNew Delhi, B R. Publishing
_c2007
300 _a462p
942 _cTB
_hX61 P7.1
999 _c1304921
_d1304921